Výradový dvojročiak, či chovný ročiak?

Bibliographic Details
Main Authors: Hell, Pavel, 1930-2009 (Author), Lehocký, Marcel (Author)
Format: Article
Language:Slovak
PhysicalDescription:Fotogr., obr.
ISSN:0231-8768
Subjects:

MARC

LEADER 00000nab a2200000 a 4500
001 vtls000674542
003 SK-MaSNL
005 20260304084304.0
008 250425c xo 0 slo
015 |a SNBRB1998/09-25359 
035 |a CLN000026718 
035 |a urn:nbn:sk:snk-abeq7m 
035 |a (urnnbn)urn:nbn:sk:snk:ar-00702w 
035 |a (uuid)66f8a201-8094-47df-ba48-684c54e00ed8 
040 |a SNKBUCL  |b slo  |c SNKBUCL  |e AACR2 
041 0 |a slo 
044 |a xo  |c SK 
080 |a 639.111.1:639.18  |2 1997 
080 |a 639.184  |2 1997 
100 1 |a Hell, Pavel,  |d 1930-2009  |4 aut  |9 125123 
245 1 0 |a Výradový dvojročiak, či chovný ročiak?  |c Pavel Hell, Marcel Lehocký 
300 |b Fotogr., obr. 
650 0 7 |a srnce  |2 snkbucl  |9 56999 
650 0 7 |a parožie  |x srnce  |2 snkbucl  |9 1376479 
655 7 |a články z novín a časopisov  |2 snkbucl  |9 267496 
700 1 |a Lehocký, Marcel  |4 aut  |9 363688 
773 0 |t Poľovníctvo a rybárstvo  |g Roč. 50 (75), č. 9 (1998), s. 6-7  |x 0231-8768 
850 |a Slovenská národná knižnica 
852 |a Slovenská národná knižnica 
958 |a article27 
958 |a OND 
992 |a RBX 
999 |c 2802811  |d 2804741